00826nam a2200193 a 450000100060000000300090000600800410001502000150005604000280007108200190009910000520011824500430017026000540021330000090026749000270027650502340030365000490053765000460058620982CO-ViMGA141112s2004 ck r 000 u spa d a9583801321 aCO-ViMGAbspacCO-ViMGA04a338.1861 K155a1 aKalmanovitz, Salomón; López Enciso, Enrique10aLa agricultura colombiana del siglo XX aBogotá : bFondo de cultura económica, c2006 a448p aColección Economía aLas instituciones y el desarrollo agrícola en Colombia a principios del siglo XX 23 - - Las tendencias del desarrollo económico colombiano en la segunda mitad del siglo XX 203 - - Distribución narcotráfico y conflicto 31714aAGRICULTURA - HISTORIA - COLOMBIA - SIGLO XX14aDESARROLLO AGRICOLA - COLOMBIA - SIGLO XX